Дело о постройке здания Рогачевской учительской семинарии (Могилевской губернии)

Доступно только в Электронных читальных залах Найти на картеНа карте
RUSMARC
00003694nmc2a22002413x 450
0017ca08e8e-0427-4b64-ac79-f316034fff35
00520230713024443.0
100##$a20221221l19141915k l0rusy0189 ca
1010#$arus
102##$aRU
105##$aae##
1222#$ad
2001#$aДело о постройке здания Рогачевской учительской семинарии (Могилевской губернии)
$j6 марта 1914 г. - 26 ноября 1915 г.
215##$a93 л.
$cплан.; черт.
$d36,5х26 см
251##$cДело
300##$aМатериалы по учительским семинариям
371##$aДокумент не является опубликованным и широко распространяемым
461#0$1001a74412a3-3cc5-4d21-8f0a-dfe2fbd9e72d
$12001
$aДепартамент народного просвещения Министерства народного просвещения (1803-1917)
$1251
$cФонд
$1852
$j733
462#0$1001e7457a9b-6ab2-47cb-b3ed-bfff162542f9
$12001
$aРазряд учительских институтов, семинарий и низших учебных заведений
$1251
$cОпись
$1852
$j227
801#0$aRU
$bРГИА
$c20221221
$gRCR
801#1$aRU
$bГлавНИВЦ
$c20221221
$2rusmarc
801#2$aRU
$bПБ им. Б.Н. Ельцина
$c20230713
$gRCR
$2rusmarc
850##$aРГИА
852##$aРГИА
$eФедеральное казенное учреждение "Российский государственный исторический архив" (РГИА)
$j43
937##$hРГИА
$d12396238
$aASBIBLIO_SCAN
035##$aRusGRCC00057258
856##$uhttp://readingroom.main.prlib.ru/item.aspx?id_node=n186494501&mode=full
Формат отображения